General information about Harvard curriculum in 1952-1953.

May contain press accounts, pamphlets, and ephemera.

Saved in:
Bibliographic Details
Corporate Author: Harvard University.
Format: Kit
Language:English
Subjects:
Tags: Add Tag
No Tags, Be the first to tag this record!
LEADER 00457npcaa22001575 4500
001 010236830-9
005 20070215152715.0
008 070215i19521953mau|||||||||||||||||eng|d
035 0 |a ocn228512866 
110 2 |a Harvard University. 
245 1 0 |a General information about Harvard curriculum in 1952-1953. 
300 |a 1 folder 
520 |a May contain press accounts, pamphlets, and ephemera. 
610 2 0 |a Harvard University  |x Curricula. 
988 |a 20070215 
906 |0 MH